000 nam a22 a 4500
999 _c1603
_d1603
003 AKMAL
005 20170511102119.0
008 170511s1994 my 00 may d
020 _a9838840157 (kkt.):
_cRM 15.00
040 _aAKMAL
082 0 4 _a323.34 KHA
090 _a323.34
_bKHA
100 _aKhalijah Mohd. Salleh
_93255
245 1 0 _aWanita & alam perjuangannya /
_cKhalijah Mohd. Salleh
260 _aKuala Lumpur :
_bInstitut Kajian Dasar,
_c1994
300 _a112ms. :
_b;
_c21cm
650 _aWomen
_92585
650 _aWomen
_xConduct of life
_93256
942 _2ddc
_cBOOK